000 00675nam a2200229Ia 4500
003 IEPS
005 20250703135238.0
008 250223s9999||||xx |||||||||||||| ||und||
020 _a9770201022
040 _CIEPS
041 _aara
082 _a303.4
100 _aالجوهري محمد
245 0 _aعلم الإجتماع وقضايا التنمية في العالم الثالث
250 _aط . 3
260 _aالقاهرة
_bدار المعارف
_c1982
300 _a352 ص.
_bغلاف ملون
_c24 سم
490 _aعلم الإجتماع المعاصر ، 21
653 _aالتنمية
653 _aعلم الإجتماع
942 _cكتاب
999 _c11032
_d11032